Every Song by Genesis - Statistics

General Stats
  • This quiz has been taken 17 times
  • The average score is 55 of 196
Answer Stats
Album Song % Correct
Invisible Touch(1986) Invisible Touch
100%
We Can't Dance(1991) I Can't Dance
77%
The Lamb Lies Down on Broadway(1974) The Lamb Lies Down on Broadway
77%
Abacab(1981) Abacab
69%
...And Then There Were Three...(1978) Follow You Follow Me
69%
Invisible Touch(1986) Land of Confusion
69%
We Can't Dance(1991) Jesus He Knows Me
62%
Genesis(1983) That's All
62%
Foxtrot(1972) Apocalypse in 9/8
54%
Foxtrot(1972) As Sure as Eggs Is Eggs (Aching Men's Feet)
54%
...CALLING ALL STATIONS...(1997) Calling All Stations
54%
Foxtrot(1972) How Dare I Be So Beautiful?
54%
Foxtrot(1972) Ikhnaton and Itsacon and Their Band of Merry Men
54%
Foxtrot(1972) Lover's Leap
54%
Foxtrot(1972) The Guaranteed Eternal Sanctuary Man
54%
Nursery Cryme(1971) The Musical Box
54%
Foxtrot(1972) Willow Farm
54%
Selling England by the Pound(1973) Firth of Fifth
46%
Selling England by the Pound(1973) I Know What I Like (In Your Wardrobe)
46%
Genesis(1983) Mama
46%
A Trick of the Tail(1976) A Trick of the Tail
38%
Duke(1980) Duke's End
38%
Invisible Touch(1986) In the Glow of the Night
38%
We Can't Dance(1991) No Son of Mine
38%
Selling England by the Pound(1973) The Cinema Show
38%
Nursery Cryme(1971) The Fountain of Salmacis
38%
The Lamb Lies Down on Broadway(1974) The Grand Parade of Lifeless Packaging
38%
Trespass(1970) The Knife
38%
The Lamb Lies Down on Broadway(1974) The Lamia
38%
Invisible Touch(1986) The Last Domino
38%
Invisible Touch(1986) Throwing It All Away
38%
Foxtrot(1972) Time Table
38%
Foxtrot(1972) Watcher of the Skies
38%
Wind & Wuthering(1976) Afterglow
31%
Duke(1980) Behind the Lines
31%
Foxtrot(1972) Can-Utility and the Coastliners
31%
The Lamb Lies Down on Broadway(1974) Carpet Crawlers
31%
...CALLING ALL STATIONS...(1997) Congo
31%
A Trick of the Tail(1976) Dance on a Volcano
31%
Selling England by the Pound(1973) Dancing with the Moonlit Knight
31%
We Can't Dance(1991) Driving the Last Spike
31%
Duke(1980) Duchess
31%
Trespass(1970) Dusk
31%
Wind & Wuthering(1976) Eleventh Earl of Mar
31%
From Genesis to Revelation(1969) Fireside Song
31%
Nursery Cryme(1971) For Absent Friends
31%
Foxtrot(1972) Get 'Em Out by Friday
31%
Non-Album(1972) Happy the Man
31%
Nursery Cryme(1971) Harlequin
31%
Nursery Cryme(1971) Harold the Barrel
31%
Genesis(1983) Home by the Sea
31%
Foxtrot(1972) Horizons
31%
Invisible Touch(1986) In Too Deep
31%
Abacab(1981) Keep It Dark
31%
Trespass(1970) Looking for Someone
31%
A Trick of the Tail(1976) Los Endos
31%
Duke(1980) Misunderstanding
31%
Selling England by the Pound(1973) More Fool Me
31%
Abacab(1981) No Reply at All
31%
Spot the Pigeon(1977) Pigeons
31%
Genesis(1983) Second Home by the Sea
31%
Nursery Cryme(1971) Seven Stones
31%
Genesis(1983) Silver Rainbow
31%
A Trick of the Tail(1976) Squonk
31%
Trespass(1970) Stagnation
31%
Selling England by the Pound(1973) The Battle of Epping Forest
31%
Invisible Touch(1986) The Brazilian
31%
Nursery Cryme(1971) The Return of the Giant Hogweed
31%
From Genesis to Revelation(1969) The Serpent
31%
Invisible Touch(1986) Tonight, Tonight, Tonight
31%
Duke(1980) Turn It On Again
31%
Trespass(1970) Visions of Angels
31%
From Genesis to Revelation(1969) Where the Sour Turns to Sweet
31%
Trespass(1970) White Mountain
31%
Selling England by the Pound(1973) After the Ordeal
23%
Selling England by the Pound(1973) Aisle of Plenty
23%
...CALLING ALL STATIONS...(1997) Alien Afternoon
23%
Wind & Wuthering(1976) All in a Mouse's Night
23%
Duke(1980) Alone Tonight
23%
From Genesis to Revelation(1969) Am I Very Wrong?
23%
Abacab(1981) Another Record
23%
Invisible Touch(1986) Anything She Does
23%
The Lamb Lies Down on Broadway(1974) Anyway
23%
From Genesis to Revelation(1969) A Place to Call My Own
23%
The Lamb Lies Down on Broadway(1974) A Visit to the Doktor
23%
The Lamb Lies Down on Broadway(1974) Back in N.Y.C.
23%
...And Then There Were Three...(1978) Ballad of Big
23%
Wind & Wuthering(1976) Blood on the Rooftops
23%
The Lamb Lies Down on Broadway(1974) Broadway Melody of 1974
23%
...And Then There Were Three...(1978) Burning Rope
23%
The Lamb Lies Down on Broadway(1974) Counting Out Time
23%
The Lamb Lies Down on Broadway(1974) Cuckoo Cocoon
23%
Duke(1980) Cul-de-sac
23%
...And Then There Were Three...(1978) Deep in the Motherlode
23%
The Lamb Lies Down on Broadway(1974) The Arrival
23%
Genesis Archive 1967–75(1998) Twilight Alehouse
23%
Abacab(1981) Dodo / Lurker
23%
...And Then There Were Three...(1978) Down and Out
23%
We Can't Dance(1991) Dreaming While You Sleep
23%
Duke(1980) Duke's Travels
23%
A Trick of the Tail(1976) Entangled
23%
Three Sides Live(1982) Evidence of Autumn
23%
We Can't Dance(1991) Fading Lights
23%
The Lamb Lies Down on Broadway(1974) Fly on a Windshield
23%
Duke(1980) Guide Vocal
23%
The Lamb Lies Down on Broadway(1974) Hairless Heart
23%
Duke(1980) Heathaze
23%
The Lamb Lies Down on Broadway(1974) Here Comes the Supernatural Anaesthetist
23%
We Can't Dance(1991) Hold on My Heart
23%
Genesis(1983) Illegal Alien
23%
From Genesis to Revelation(1969) In Hiding
23%
From Genesis to Revelation(1969) In Limbo
23%
Spot the Pigeon(1977) Inside and Out
23%
Wind & Wuthering(1976) ...In That Quiet Earth
23%
From Genesis to Revelation(1969) In the Beginning
23%
The Lamb Lies Down on Broadway(1974) In the Cage
23%
The Lamb Lies Down on Broadway(1974) In the Rapids
23%
From Genesis to Revelation(1969) In the Wilderness
23%
The Lamb Lies Down on Broadway(1974) it.
23%
Genesis(1983) It's Gonna Get Better
23%
Genesis(1983) Just a Job to Do
23%
Abacab(1981) Like It or Not
23%
The Lamb Lies Down on Broadway(1974) Lilywhite Lilith
23%
We Can't Dance(1991) Living Forever
23%
A Trick of the Tail(1976) Mad Man Moon
23%
Duke(1980) Man of Our Times
23%
Abacab(1981) Man on the Corner
23%
...And Then There Were Three...(1978) Many Too Many
23%
Spot the Pigeon(1977) Match of the Day
23%
Abacab(1981) Me and Sarah Jane
23%
3×3(1982) Me and Virgil
23%
...CALLING ALL STATIONS...(1997) Not About Us
23%
From Genesis to Revelation(1969) One Day
23%
Wind & Wuthering(1976) One for the Vine
23%
3×3(1982) Paperlate
23%
Duke(1980) Please Don't Ask
23%
The Lamb Lies Down on Broadway(1974) Ravine
23%
The Lamb Lies Down on Broadway(1974) Riding the Scree
23%
A Trick of the Tail(1976) Ripples...
23%
A Trick of the Tail(1976) Robbery, Assault and Battery
23%
...And Then There Were Three...(1978) Say It's Alright Joe
23%
...And Then There Were Three...(1978) Scenes from a Night's Dream
23%
...CALLING ALL STATIONS...(1997) Shipwrecked
23%
The Lamb Lies Down on Broadway(1974) Silent Sorrow in Empty Boats
23%
...And Then There Were Three...(1978) Snowbound
23%
Genesis(1983) Taking It All Too Hard
23%
We Can't Dance(1991) Tell Me Why
23%
The Lamb Lies Down on Broadway(1974) The Chamber of 32 Doors
23%
From Genesis to Revelation(1969) The Conqueror
23%
...CALLING ALL STATIONS...(1997) The Dividing Line
23%
...And Then There Were Three...(1978) The Lady Lies
23%
The Lamb Lies Down on Broadway(1974) The Light Dies Down on Broadway
23%
The Lamb Lies Down on Broadway(1974) The Raven
23%
From Genesis to Revelation(1969) The Silent Sun
23%
The Lamb Lies Down on Broadway(1974) The Waiting Room
23%
...And Then There Were Three...(1978) Undertow
23%
We Can't Dance(1991) Way of the World
23%
Abacab(1981) Who Dunnit?
23%
From Genesis to Revelation(1969) Window
23%
Wind & Wuthering(1976) Wot Gorilla?
23%
Wind & Wuthering(1976) Your Own Special Way
23%
Genesis Archive 1967–75(1998) Build Me a Mountain
15%
Genesis Archive 2: 1976–1992(2000) Do the Neurotic
15%
Genesis Archive 1967–75(1998) Shepherd
15%
Genesis Archive 2: 1976–1992(2000) Feeding the Fire
15%
Genesis Archive 1967–75(1998) Going Out to Get You
15%
Genesis Archive 1967–75(1998) Hair on the Arms and Legs
15%
We Can't Dance(B-Sides)(1991) Hearts on Fire
15%
Genesis Archive 1967–75(1998) Hey!
15%
Genesis Archive 1967–75(1998) Hidden in the World of Dawn
15%
Genesis Archive 2: 1976–1992(2000) I'd Rather Be You
15%
...CALLING ALL STATIONS...(1997) If That's What You Need
15%
Genesis Archive 1967–75(1998) Image Blown Out
15%
Genesis Archive 2: 1976–1992(2000) It's Yourself
15%
Genesis Archive 1967–75(1998) Let Us Now Make Love
15%
Genesis Archive 2: 1976–1992(2000) Naminanu
15%
We Can't Dance(1991) Never a Time
15%
...CALLING ALL STATIONS...(1997) One Man's Fool
15%
We Can't Dance(B-Sides)(1991) On the Shoreline
15%
Three Sides Live(1982) Open Door
15%
Genesis Archive 1967–75(1998) Pacidy
15%
Genesis Archive 1967–75(1998) Patricia
15%
Genesis Archive 1967–75(1998) Sea Bee
15%
Genesis Archive 1967–75(1998) She is Beautiful
15%
We Can't Dance(1991) Since I Lost You
15%
...CALLING ALL STATIONS...(1997) Small Talk
15%
Genesis Archive 2: 1976–1992(2000) Submarine
15%
Genesis Archive 2: 1976–1992(2000) The Day the Light Went Out
15%
Genesis Archive 1967–75(1998) The Magic of Time
15%
Genesis Archive 1967–75(1998) The Mystery of the Flannan Isle Lighthouse
15%
...CALLING ALL STATIONS...(1997) There Must Be Some Other Way
15%
Genesis Archive 1967–75(1998) Try a Little Sadness
15%
...CALLING ALL STATIONS...(1997) Uncertain Weather
15%
Wind & Wuthering(1976) Unquiet Slumbers for the Sleepers...
15%
Genesis Archive 2: 1976–1992(2000) Vancouver
15%
3×3(1982) You Might Recall
15%
No matching quizzes found
Score Distribution
Percent of People with Each Score
Percentile by Number Answered
Your Score History
You have not taken this quiz